[Event "GER-chT Betriebe 16th"]
[Site "Dresden"]
[Date "2016.11.04"]
[Round "3.1"]
[White "Feikes, Joerg"]
[Black "Decker, Ingo"]
[Result "1/2-1/2"]
[WhiteElo "1968"]
[BlackElo "1668"]
[PlyCount "82"]
[EventDate "2016.11.03"]
[EventType "team-swiss"]
[EventRounds "7"]
[EventCountry "GER"]
[SourceTitle "EXT 2020"]
[Source "ChessBase"]
[SourceDate "2019.10.17"]
[SourceVersion "1"]
[SourceVersionDate "2019.10.17"]
[SourceQuality "1"]
[WhiteTeam "Berlin Tempelhof"]
[BlackTeam "Bremen Airbus"]
[WhiteTeamCountry "GER"]
[BlackTeamCountry "GER"]

1. e4 e5 2. Nf3 Nc6 3. Bc4 Bc5 4. d3 d6 5. c3 Nf6 6. Nbd2 a6 7. Bb3 0-0 8. h3 b5 9. Nf1 a5 10. Bg5 Rb8 11. Ne3 Bxe3 12. fxe3 h6 13. Bh4 Be6 14. 0-0 a4 15. Bc2 Ne7 16. Bxf6 gxf6 17. Nh4 Ng6 18. Nf5 Bxf5 19. Rxf5 Kg7 20. Qf3 Rb6 21. Rf1 d5 22. exd5 Re8 23. d4 Qe7 24. Qf2 Rd8 25. h4 Rxd5 26. h5 Nf8 27. Be4 Rd7 28. Qg3+ Kh8 29. dxe5 Nh7 30. Qf4 Ng5 31. Bb1 Rd5 32. exf6 Qd8 33. Rxd5 Qxd5 34. Qxc7 Rd6 35. Qc8+ Rd8 36. Qf5 Qb7 37. Bc2 Rd5 38. Be4 Nxe4 39. Qxe4 Qd7 40. Qf4 Rxh5 41. Qf3 Re5 1/2-1/2